O princípio da segurança jurídica no direito administrativo brasileiro / (Record no. 631)

MARC details
000 -LÍDER
Campo Fixo de Controle 00790nam a2200265 a 4500
001 - NÚMERO DE CONTROLE
Campo de Controle 631
003 - IDENTIFICAÇÃO DO NÚMERO DE CONTROLE
Campo de Controle BR-CuiBMT
005 - DATA E HORA DA ÚLTIMA ATUALIZAÇÃO
Campo de Controle 20231110232841.0
008 - DADOS FIXOS
Dados Fixos 231110s2010 spb 000 0 por d
020 ## - INTERNATIONAL STANDARD BOOK NUMBER
Nº do ISBN 8574209872
040 ## - AGÊNCIA CATALOGADORA
Código da Agência Catalogadora BR-CuiBMT
Agência que transcreveu o registro BR-CuiBMT
080 ## - Nº DA CLASSIFICAÇÃO DECIMAL UNIVERSAL
Nº edição CDU 2007
Nº Class. CDU 342.9
090 ## - NÚMERO DE CHAMADA
Nº classificação 342.9
Cutter V172p
100 1# - ENTRADA PRINCIPAL -- AUTOR PESSOAL
Nome pessoal Valim, Rafael
245 #2 - TÍTULO PRINCIPAL
Título principal O princípio da segurança jurídica no direito administrativo brasileiro /
Indicação de responsabilidade Rafael Valim
260 ## - PUBLICAÇÃO, DISTRIBUIÇÃO, ETC.
Local de publicação São Paulo :
Editora Malheiros,
Data 2010.
300 ## - DESCRIÇÃO FÍSICA
N. páginas ou volumes 150 p.:
Dimensões 21cm
490 ## - INDICAÇÃO DE SÉRIE
Título da série Temas de direito administrativo ;
Volume/designação sequencial da série 23
504 ## - NOTA DE BIBLIOGRAFIA, ETC.
Nota de bibliografia Inclui bibliografia
650 ## - ASSUNTO TÓPICO
Cabeçalho tópico ou nome geográfico Direito administrativo
650 ## - ASSUNTO TÓPICO
Cabeçalho tópico ou nome geográfico Segurança jurídica
650 ## - ASSUNTO TÓPICO
Cabeçalho tópico ou nome geográfico Direito administrativo
830 ## - ENTRADA SECUNDÁRIA DE SÉRIE -- TÍTULO UNIFORME
Título uniforme Temas de direito administrativo ;
Nº do volume/designação sequencial da série 23
942 ## - ELEMENTOS DE ENTRADA ADICIONAIS (KOHA)
Fonte de classificação ou esquema de arquivamento Classificação Decimal Universal
Tipo de item do Koha Livros
Holdings
Estado: removido Estado: perdido Fonte de classificação ou esquema de arquivamento Estado: danificado Indisponível para empréstimo Localização permanente Localização atual Data de aquisição Total Checkouts Número de Chamada completo Código de barras Date last seen Número do exemplar Preço efetivo a partir de Tipo de item (Koha)
    Classificação Decimal Universal     Biblioteca da Escola Superior de Contas do TCE/MT Biblioteca da Escola Superior de Contas do TCE/MT 10/11/2023   342.9 V172p BIBTCEMT23110453 10/11/2023 Ex. 1 10/11/2023 Livros

Powered by Koha